000 00434nam a2200157Ia 4500
008 230711s9999||||xx |||||||||||||| ||und||
041 _aENG
082 _a621
_bBU-I
100 _aBureau of Indian Standard
245 0 _aSI : 7414 1974
_bSpecification for amen trousers general requirements
250 _a1st
260 _c1974
_aNew Delhi
_bBureau of Indian Standard
300 _a9
650 _aElectrical Engineering
942 _cBK
999 _c8219
_d8219